MARC details
| 000 -LEADER |
| fixed length control field |
01947cam a2200445 i 4500 |
| 001 - CONTROL NUMBER |
| control field |
2599868 |
| 003 - CONTROL NUMBER IDENTIFIER |
| control field |
EG-ScBUE |
| 005 - DATE AND TIME OF LATEST TRANSACTION |
| control field |
20240530104402.0 |
| 008 - FIXED-LENGTH DATA ELEMENTS--GENERAL INFORMATION |
| fixed length control field |
971223r19981986nyuaf b 001 0 eng d |
| 020 ## - INTERNATIONAL STANDARD BOOK NUMBER |
| International Standard Book Number |
0805058966 (pb : alk. paper) |
| 020 ## - INTERNATIONAL STANDARD BOOK NUMBER |
| International Standard Book Number |
9780805058963 |
| 040 ## - CATALOGING SOURCE |
| Original cataloging agency |
DLC |
| Language of cataloging |
eng |
| Description conventions |
rda |
| Transcribing agency |
DLC |
| Modifying agency |
DLC |
| -- |
EG-ScBUE |
| 041 1# - LANGUAGE CODE |
| Language code of text/sound track or separate title |
eng |
| Language code of original and/or intermediate translations of text |
heb |
| 043 ## - GEOGRAPHIC AREA CODE |
| Geographic area code |
a-is--- |
| -- |
ma----- |
| 082 04 - DEWEY DECIMAL CLASSIFICATION NUMBER |
| Classification number |
956.94052 |
| Edition number |
22 |
| Item number |
SEG |
| 100 1# - MAIN ENTRY--PERSONAL NAME |
| Personal name |
Segev, Tom, |
| Dates associated with a name |
1945- |
| Relator term |
author. |
| 9 (RLIN) |
9014 |
| 240 10 - UNIFORM TITLE |
| Uniform title |
<a href="1949, ha-Yiśreʼelim ha-rishonim.">1949, ha-Yiśreʼelim ha-rishonim.</a> |
| Language of a work |
English |
| 245 10 - TITLE STATEMENT |
| Title |
1949, the First Israelis / |
| Statement of responsibility, etc |
Tom Segev ; Arlen Neal Weinstein, English language editor. |
| 264 #1 - PUBLICATION, DISTRIBUTION, ETC. (IMPRINT) |
| Place of publication, distribution, etc |
New York : |
| Name of publisher, distributor, etc |
Henry Holt, |
| Date of publication, distribution, etc |
1998. |
| 300 ## - PHYSICAL DESCRIPTION |
| Extent |
xx, 379 pages : |
| Other physical details |
illustrations ; |
| Dimensions |
24 cm |
| 336 ## - CONTENT TYPE |
| Source |
rdacontent |
| Content type term |
text |
| Content type code |
txt |
| 337 ## - MEDIA TYPE |
| Media type term |
unmediated |
| Source |
rdamedia |
| Media type code |
n |
| 338 ## - CARRIER TYPE |
| Carrier type term |
volume |
| Carrier type code |
nc |
| Source |
rdacarrier |
| 500 ## - GENERAL NOTE |
| General note |
Previously published: New York : Free Press ; London : Collier Macmillan, c1986. |
| 504 ## - BIBLIOGRAPHY, ETC. NOTE |
| Bibliography, etc |
Includes bibliographical references and index.<br/> |
| 650 #7 - SUBJECT ADDED ENTRY--TOPICAL TERM |
| Topical term or geographic name as entry element |
Israel-Arab War, 1948-1949 |
| General subdivision |
Armistices. |
| Source of heading or term |
BUEsh |
| 9 (RLIN) |
9015 |
| 650 #7 - SUBJECT ADDED ENTRY--TOPICAL TERM |
| Topical term or geographic name as entry element |
Palestinian Arabs |
| General subdivision |
Government policy |
| Geographic subdivision |
Israel. |
| Source of heading or term |
BUEsh |
| 9 (RLIN) |
9016 |
| 650 #7 - SUBJECT ADDED ENTRY--TOPICAL TERM |
| Topical term or geographic name as entry element |
Immigrants |
| Geographic subdivision |
Israel |
| General subdivision |
Social conditions. |
| Source of heading or term |
BUEsh |
| 9 (RLIN) |
9017 |
| 650 #7 - SUBJECT ADDED ENTRY--TOPICAL TERM |
| Topical term or geographic name as entry element |
Orthodox Judaism |
| Geographic subdivision |
Israel |
| General subdivision |
Relations |
| -- |
Nontraditional Jews. |
| Source of heading or term |
BUEsh |
| 9 (RLIN) |
9018 |
| 650 #7 - SUBJECT ADDED ENTRY--TOPICAL TERM |
| Topical term or geographic name as entry element |
Religion and state |
| Geographic subdivision |
Israel. |
| Source of heading or term |
BUEsh |
| 9 (RLIN) |
9019 |
| 650 #7 - SUBJECT ADDED ENTRY--TOPICAL TERM |
| Topical term or geographic name as entry element |
National characteristics, Israeli. |
| Source of heading or term |
BUEsh |
| 9 (RLIN) |
9020 |
| 651 #7 - SUBJECT ADDED ENTRY--GEOGRAPHIC NAME |
| Geographic name |
Israel |
| General subdivision |
History |
| Chronological subdivision |
1948-1967. |
| Source of heading or term |
BUEsh |
| 9 (RLIN) |
9021 |
| 651 #7 - SUBJECT ADDED ENTRY--GEOGRAPHIC NAME |
| Geographic name |
Israel |
| General subdivision |
Ethnic relations. |
| Source of heading or term |
BUEsh |
| 9 (RLIN) |
9022 |
| 655 ## - INDEX TERM--GENRE/FORM |
| Form subdivision |
Reading book |
| 700 1# - ADDED ENTRY--PERSONAL NAME |
| Personal name |
Weinstein, Arlen Neal, |
| Relator term |
editor. |
| 9 (RLIN) |
9023 |
| 856 42 - ELECTRONIC LOCATION AND ACCESS |
| Materials specified |
Contributor biographical information |
| Uniform Resource Identifier |
<a href="http://www.loc.gov/catdir/bios/hol055/97042451.html">http://www.loc.gov/catdir/bios/hol055/97042451.html</a> |
| 856 42 - ELECTRONIC LOCATION AND ACCESS |
| Materials specified |
Publisher description |
| Uniform Resource Identifier |
<a href="http://www.loc.gov/catdir/description/hol055/97042451.html">http://www.loc.gov/catdir/description/hol055/97042451.html</a> |
| 942 ## - ADDED ENTRY ELEMENTS (KOHA) |
| Source of classification or shelving scheme |
Dewey Decimal Classification |
| Koha item type |
Book - Borrowing |